01409nam a2200289 a 450000100100000000500170001000800410002702000150006804000250008308200200010810000350012824500740016326000350023730000280027250000570030050000730035750400320043059000260046265000210048865000430050991000380055295201340059095201340072495201190085895201250097799900170110200001376320240501100753.0091130s2006 dr a r 000 0 spa d a9945000616 aDO-SdBNPbspacBNPHU a371.9144aA454d1 aAlonso Padua, Alejandro93124310aDislexia en el ámbito familiar y escolar /cAlejandro Alonso Padua. aSanto Domingo :bSurco,c2006. a142 p. :bil. ;c22 cm. aIncluye datos biográficos del autor en las solapas aIncluye referencias bibliográficas y notas al pie de las páginas aBibliografía : p. 137-142 aInventariado, 2018/BT 0aDislexia 931244 4aLecturaxEnseñanza correctiva931245 aValidado. Control de calidad. MFF 001054708DSaGRbGRcHDd2010-02-02iLF1l0o371.9144 A454d p13763-30r2020-06-25te. 3w2020-06-25yLFDSZPréstamo en sala 001054708DSaGRbGRcHDd2010-03-09iLF1l0o371.9144 A454d p13763-40r2020-06-25te. 4w2020-06-25yLFDSZPréstamo en sala 0010718PDaPDbPDcHDd2009-11-30iLF1l0o371.9144 A454d p13763-10r2020-06-25w2020-06-25yLFPDZNo se presta 0010718PDaPDbPDcHDd2010-02-02iLF1l0o371.9144 A454d p13763-20r2020-06-25te. 2w2020-06-25yLFPDZNo se presta c13376d13376